Statistics for 17-18 Europa League - Participating Countries

Click here to take the quiz!

General Stats

  • This quiz has been taken 13 times
  • The average score is 73 of 90

Answer Stats

ContinentCountry% Correct
CONMEBOLArgentina
100%
CONMEBOLBrazil
100%
CONCACAFCanada
100%
CONMEBOLChile
100%
CONMEBOLColombia
100%
UEFACroatia
100%
UEFADenmark
100%
UEFAEngland
100%
UEFAFrance
100%
UEFAGreece
100%
UEFAItaly
100%
CONCACAFMexico
100%
UEFANetherlands
100%
UEFANorway
100%
UEFAPortugal
100%
UEFARussia
100%
UEFASlovakia
100%
UEFASlovenia
100%
UEFASpain
100%
UEFASweden
100%
UEFATurkey
100%
UEFAUkraine
100%
CONCACAFUnited States
100%
AFCAustralia
92%
UEFAAustria
92%
UEFABelgium
92%
UEFABulgaria
92%
CAFCongo
92%
CAFCongo DR
92%
UEFACyprus
92%
UEFAFinland
92%
UEFAGermany
92%
CAFGhana
92%
UEFAHungary
92%
UEFAIceland
92%
AFCJapan
92%
UEFAMacedonia
92%
CAFMorocco
92%
CONMEBOLParaguay
92%
UEFARomania
92%
UEFAScotland
92%
AFCSouth Korea
92%
UEFASwitzerland
92%
CONMEBOLVenezuela
92%
UEFAAlbania
85%
UEFACzech Republic
85%
CAFEgypt
85%
UEFAIreland
85%
UEFAIsrael
85%
UEFAKosovo
85%
UEFAMalta
85%
CONMEBOLPeru
85%
UEFAPoland
85%
UEFASerbia
85%
UEFAWales
85%
UEFAArmenia
77%
UEFABosnia and Herzegovina
77%
CONMEBOLEcuador
77%
CAFGuinea
77%
AFCIran
77%
UEFALatvia
77%
UEFALuxembourg
77%
UEFAMoldova
77%
CAFNigeria
77%
CAFTunisia
77%
CONMEBOLUruguay
77%
CAFAngola
69%
UEFABelarus
69%
UEFAGeorgia
69%
CAFIvory Coast
69%
UEFAKazakhstan
69%
CAFLibya
69%
CAFMali
69%
UEFAMontenegro
69%
CAFSenegal
69%
CAFTogo
69%
CAFCameroon
62%
CAFGabon
62%
AFCIraq
62%
CAFEthiopia
54%
AFCUzbekistan
54%
CAFBurkina Faso
46%
CAFCape Verde
46%
CAFGambia
46%
CAFSouth Africa
46%
CAFComoros
38%
CAFMadagascar
38%
CONCACAFCuracao
23%
CONCACAFDominican Republic
23%
CONCACAFMartinique
15%

Score Distribution

Percentile by Number Answered

Percent of People with Each Score

Your Score History

You have not taken this quiz